Movies to Book to Author Quiz Stats

 Plays Quiz not verified by Sporcle

Score 0/28 Timer 05:00
0 Plays Today
% Correct
Robert Louis Stevenson
83.6%
Aldous Huxley
81.1%
Roald Dahl
70.9%
George Orwell
65.3%
Charles Dickens
62.1%
Gillian Flynn
61.5%
Truman Capote
61.1%
Anna Sewell
60.5%
Thomas Harris
59.5%
John Updike
54%
John Milton
51.8%
Chinua Achebe
44.9%
Erich Segal
41.5%
Margaret Wise Brown
41.4%
% Correct
H.A. Rey
39.5%
Joseph Conrad
39.4%
Rudyard Kipling
38.5%
Jackie Collins
36.4%
Charles Frazier
34.5%
Erica Jong
30.4%
Tom Clancy
28.8%
William Faulkner
26.8%
P.D. Eastman
26%
Stephen King
24.8%
Richard Wright
21.8%
Vladimir Nabokov
20.7%
James Hilton
20.2%
Kurt Vonnegut
17.6%

You're not logged in!

Compare scores with friends on all Sporcle quizzes.
OR
Log In

Sporcle TV

Today on Sporcle TV


Watch our educational content, quiz creation guides, and fun videos on Sporcle TV.

Show Comments

Extras

Top Quizzes Today


Score Distribution

Your Account Isn't Verified!

In order to create a playlist on Sporcle, you need to verify the email address you used during registration. Go to your Sporcle Settings to finish the process.

Report this User

Report this user for behavior that violates our Community Guidelines.

Details: